| 000 | 01189nam a22003017a 4500 | ||
|---|---|---|---|
| 003 | BD-DhSAU | ||
| 005 | 20181212123248.0 | ||
| 008 | 151103b2014 bg ||||| |||| 001 0 eng d | ||
| 040 | _aBD-DhSAU | ||
| 082 |
_222 _a630.2 _bH829 |
||
| 100 |
_aHossain, Md. Awlad _eRegistration no. # 05-01716 |
||
| 245 |
_aEffects of inorganic phosphorus and potassium along with cowdung and vermicompost on growth, yield and nutrient content of BRRI dhan62 / _bMS thesis |
||
| 260 |
_aSher-e-Bangla Agricultural Uniersity : _bDepartment of Agricultural Chemistry, _c2014 |
||
| 300 |
_avii, 47 p. : _bill. ; _c30 cm. |
||
| 500 | _aMS thesis of Department of Agricultural Chemistry , Faculty of Agriculture, Sher-e-Bangla Agricultural University, Dhaka, Bangladesh | ||
| 590 | _aMd. Sirajul Islam | ||
| 650 | _aAgricultural Chemistry | ||
| 650 | _ainorganic | ||
| 650 | _aPhosphorus | ||
| 650 | _aPotassium | ||
| 650 | _aGrowth | ||
| 650 | _aYield | ||
| 650 | _aNutrient | ||
| 700 |
_aZamil, Sheikh Shawkat _eSupervisor |
||
| 700 |
_aBegum, Rokeya _eCo-Supervisor |
||
| 856 |
_uhttp://archive.saulibrary.edu.bd:8080/xmlui/handle/123456789/1999 _yOnline Access |
||
| 942 |
_2ddc _cTHESIS |
||
| 999 |
_c13210 _d13209 |
||